000 00460nam a2200157 a 4500
005 20260424153557.0
008 260416s2026##################000#0#eng##
020 _a9780406000460
082 0 4 _a348.42
_bALL(R)
100 _aBridgman G. F. L.
245 1 0 _aThe All England Law Reports Reprints: Revised and Annotated 1927
_c\G. F. L. Bridgman, ESQ.
260 _aLondon:
_bButterworth,
_c1927.
300 _a753p.
_c;23cm.
650 _aLaw
942 _cENGLISH
999 _c619517
_d619517